Şadiler ve Koçkiriler (Record no. 1033)

MARC details
000 -BAŞLIK
Sabit Uzunlukta Kontrol Alanı 00801na a2200277 4500
001 - KONTROL NUMARASI
Denetim Alanı 16194
003 - KONTROL NUMARASI IDENTIFIER
Denetim Alanı MIRAKIL
005 - SON İŞLEM TARİHİ VE ZAMANI
Denetim Alanı 20181213154810.0
008 - SABİT-BOY VERİ ELEMANLARI - GENEL BİLGİLER
Sabit Uzunlukta Kontrol Alanı 161004b tu 000 0
020 ## - ULUSLARARASI STANDART KİTAP NUMARASI
Uluslararası Standart Kitap Numarası 9789759290887
040 ## - KATALOGLAMA KAYNAK
Orijinal Kataloglama Ajansı Milas
Kataloglama Dili tur
Metne Dönüştürmek Ajansı TR-AnCHP
041 ## - DİL KODU
Metin / Ses Parça Veya Ayrı Başlığın Dil Kodu tur
082 ## - DEWEY ONLU SINIFLANDIRMA NUMARASI
Sınıflandırma Numarası 305.8943056
Ürün Numarası S24ş 2011
090 ## - SINIFLAMA NUMARASI
Sınıflama Numarası 305.8943056 S24ş 2011
100 ## - ANA GİRİŞ - KİŞİSEL İSİM
Kişisel Ad Saltık, Veli
245 ## - BAŞLIK TABLOSU
Başlık Şadiler ve Koçkiriler
Sorumluluk Tablosu, Vb Veli Saltık
260 ## - YAYIN, DAĞITIM, VB
Yayın, Dağıtım, Vb Yeri Ankara
Yayıncı, Dağıtıcı, Vs Adı [yayl. y.]
Yayın, Dağıtım, Vb Tarihi 2011
Üretici Firma Kuloğlu Matbaacılık
300 ## - FİZİKSEL TANIM
Kapsam 239 s.
Boyutlar 20 sm.
504 ## - KAYNAKÇA VB NOT
Kaynakça Vb Notu Kaynakça var.
650 ## - KONU KATMA GİRİŞ - TOPİKAL DÖNEM
Topikal Süreli Veya Coğrafi Ad Giriş Elemanı Kürtler
Genel Alt Bölümü Tarih
Coğrafi Alt Bölümü Türkiye
650 ## - KONU KATMA GİRİŞ - TOPİKAL DÖNEM
Topikal Süreli Veya Coğrafi Ad Giriş Elemanı Aşiretler
Genel Alt Bölümü Tarih
Coğrafi Alt Bölümü Türkiye
650 ## - KONU KATMA GİRİŞ - TOPİKAL DÖNEM
Topikal Süreli Veya Coğrafi Ad Giriş Elemanı Türk boyları
Genel Alt Bölümü Kürt aşiretleri
Kronolojik Alt Bölümü Tarih
650 ## - KONU KATMA GİRİŞ - TOPİKAL DÖNEM
Topikal Süreli Veya Coğrafi Ad Giriş Elemanı Derebeylik
Genel Alt Bölümü Tarih
Coğrafi Alt Bölümü Türkiye
942 ## - EKLENDİ GİRİŞ ELEMANLARI (KOHA)
Sınıflandırma Veya Raf Düzeni Kaynak Dewey Decimal Classification
Koha Öğesi Türü Books
999 ## - SİSTEM KONTROL NUMARALARI (KOHA)
Koha Biblionumber 1033
Koha Biblioitemnumber 1033
657 ## - INDEX SÜRE - İŞLEVİ
-- Irk araştırmaları
Holdings
Kalıcı Konum Mevcut Konum Edinme Tarihi Edinim Kaynak Seri Numaralandırma / Kronolojik Toplam Check-Out'Lar Tam Çağrı Numarası Barkod Tarih Son Görülme İtibaren Geçerli Fiyatlar Koha Öğesi Türü Kopya Sayısı
CHP Kütüphanesi CHP Kütüphanesi 09/30/2016 Bağış c.15   305.8943056 S24ş 2011 004695 09/30/2016 09/30/2016 Books  
CHP Kütüphanesi CHP Kütüphanesi 09/30/2016 Bağış     305.8943056 S24ş 2011 004696 09/30/2016 09/30/2016 Books k.2